Country Shapes including Bordering Countries - Statistics

General Stats
  • This quiz has been taken 1,752 times
  • The average score is 9 of 15
Answer Stats
Country % Correct
Italy
98%
Sweden
96%
Paraguay
77%
Chile
70%
Andorra
68%
China
67%
Iraq
65%
Bhutan
62%
South Korea
59%
Brunei
53%
Uganda
48%
Burkina Faso
43%
Uzbekistan
37%
Moldova
34%
El Salvador
31%
No matching quizzes found
Score Distribution
Percent of People with Each Score
Percentile by Number Answered
Your Score History
You have not taken this quiz